| 000 | 00318nam a22001097a 4500 | ||
|---|---|---|---|
| 082 | _a536.2 MET'H | ||
| 100 |
_aMETCALFE, F _980481 |
||
| 245 | _aHEAT ENGINES AND APPLIED HEAT FOR NATIONAL CERTIFICATE STUDENTS A FULLY REVISED EDITION OF HEAT ENGINES | ||
| 260 |
_aLONDON _bCASSELL _c1966 |
||
| 300 | _a263P | ||
| 942 | _cBK | ||
| 999 |
_c585406 _d585406 |
||